Zpěwnjk ewangelický aneb Pjsně duchownj staré i nowé, ...

Bibliographic Details
Format: Book
Language:Undetermined
PhysicalDescription:492, 71 s.
Published: W Budapessti Wiktor Horňánský 1902

MARC

LEADER 00000nam a2200000 a 4500
001 vtls001362054
003 SK-MaSNL
005 20260223130302.0
008 180810s1902 xx 0 und
035 |a SNK000315643 
040 |a SNK  |b slo  |c SNK  |e AACR2 
041 0 |a und 
044 |a xx 
245 1 |a Zpěwnjk ewangelický aneb Pjsně duchownj staré i nowé, ... 
260 |a W Budapessti  |b Wiktor Horňánský  |c 1902 
300 |a 492, 71 s. 
958 |a ONDV 
999 |c 548890  |d 550820 
952 |t P60, <06>, [BOOK], {606}  |a SNK  |b SNK  |y PREZ  |7 0  |p 17A0190029  |o snkSD 46351 D1  |0 0  |1 0  |4 0  |d 1999-04-29  |l 0  |r 2005-01-02 00:00:00  |w 2026-02-23